000 00530cam a22001814a 4500
999 _c57411
_d57411
001 14118927
005 20220928172023.0
008 050923s2005 enkab b 001 0 eng
020 _a9780470090626
041 _aeng
080 _a577 F-88
100 1 _aFreeland, Joanna.
_98483
245 1 0 _aMolecular ecology /
_cJoanna R. Freeland.
264 _aHoboken, NJ :
_bJohn Wiley & Sons,
_c2005.
300 _a388 p. :
_bill., maps ;
_c25 cm.
653 _aმოლეკულური ეკოლოგია
942 _2udc
_cBK